Maximizing the Impact of Local Police Agencies Through Optimum Staffing Levels

Saved in:  
Bibliographic Details
Main Author: Overman, April M. (Author)
Format: Print Book
Language:English
Published: [Erscheinungsort nicht ermittelbar] University of New Orleans 2014
In:Year: 2014
Check availability: HBZ Gateway
Subito Delivery Service: Order now.

MARC

LEADER 00000cam a22000002c 4500
001 1912617552
003 DE-627
005 20250116055022.0
007 tu
008 241217s2014 xx ||||| 00| ||eng c
035 |a (DE-627)1912617552 
035 |a (DE-599)KXP1912617552 
040 |a DE-627  |b ger  |c DE-627  |e rda 
041 |a eng 
084 |a 2,1  |2 ssgn 
100 1 |a Overman, April M.  |e VerfasserIn  |4 aut 
245 1 0 |a Maximizing the Impact of Local Police Agencies Through Optimum Staffing Levels 
264 1 |a [Erscheinungsort nicht ermittelbar]  |b University of New Orleans  |c 2014 
336 |a Text  |b txt  |2 rdacontent 
337 |a ohne Hilfsmittel zu benutzen  |b n  |2 rdamedia 
338 |a Band  |b nc  |2 rdacarrier 
787 0 8 |i Forschungsdaten  |a United States Department of Justice. Federal Bureau of Investigation  |t Uniform Crime Reporting Program Data (United States): Police Employee (LEOKA) Data, 2002  |d [Erscheinungsort nicht ermittelbar] : [Verlag nicht ermittelbar], 2004  |w (DE-627)1840065370 
787 0 8 |i Forschungsdaten  |a United States Department of Justice. Federal Bureau of Investigation  |t Uniform Crime Reporting Program Data (United States): Police Employee (LEOKA) Data, 2001  |d [Erscheinungsort nicht ermittelbar] : [Verlag nicht ermittelbar], 2003  |w (DE-627)1840065400 
787 0 8 |i Forschungsdaten  |a United States Department of Justice. Federal Bureau of Investigation  |t Uniform Crime Reporting Program Data (United States): Police Employee (LEOKA) Data, 2000  |d [Erscheinungsort nicht ermittelbar] : [Verlag nicht ermittelbar], 2002  |w (DE-627)1840065478 
787 0 8 |i Forschungsdaten  |a United States Department of Justice. Federal Bureau of Investigation  |t Uniform Crime Reporting Program Data (United States): Police Employee (LEOKA) Data, 1999  |d [Erscheinungsort nicht ermittelbar] : [Verlag nicht ermittelbar], 2001  |w (DE-627)1840065273 
935 |a mkri 
951 |a BO 
ELC |b 1 
LOK |0 000 xxxxxcx a22 zn 4500 
LOK |0 001 4637583071 
LOK |0 003 DE-627 
LOK |0 004 1912617552 
LOK |0 005 20241217044704 
LOK |0 008 241217||||||||||||||||ger||||||| 
LOK |0 035   |a (DE-2619)ICPSR140658 
LOK |0 040   |a DE-2619  |c DE-627  |d DE-2619 
LOK |0 092   |o n 
LOK |0 852   |a DE-2619 
LOK |0 852 1  |9 00 
LOK |0 935   |a nacp 
LOK |0 939   |a 17-12-24  |b l01 
ORI |a SA-MARC-krimdoka001.raw